Fahrten : Pfadfinder und Beduinen in den Wüsten Ägyptens /

Saved in:

Main Author: Dumreicher, André von (Author)

Format: Book

Language: German

Published: München : Drei Masken Verlag A.-G., 1931.

Subjects:

Tags: Add Tag

No Tags, Be the first to tag this record!

Call Number: DT55 .D9 1931

LEADER 00671namaa2200217 4500
001 18943
003 OSt
005 20260329063333.0
008 130303s1931 gw ac 000 0 ger d
010 |a 31010052 
040 |c ARCE Library 
050 4 |a DT55 .D9 1931 
100 1 |a Dumreicher, André von,   |e author  |9 29294 
245 1 0 |a Fahrten :   |b Pfadfinder und Beduinen in den Wüsten Ägyptens /   |c André von Dumreicher. 
264 1 |a München :   |b Drei Masken Verlag A.-G.,   |c 1931. 
300 |a 243 pages :   |b front. (port.), illustrations ;   |c 25 cm. 
650 0 |a Bedouins. 
651 0 |a Egypt  |x Description and travel. 
901 |a reviewed 
942 |c BK  |2 lcc 
999 |c 15993  |d 15993